| 000 | 00514nam a2200181Ia 4500 | ||
|---|---|---|---|
| 005 | 20260420132125.0 | ||
| 008 | 260420s9999 xx 000 0 und d | ||
| 020 | _a9781121539990 | ||
| 082 |
_a657 _bANT-A |
||
| 100 | _aAnthony, Robert N | ||
| 245 | 0 |
_aAccounting Text & Cases ; _bThe Financial Accounting Chapters |
|
| 250 |
_a13th Ed _bVol-I, Vol-II |
||
| 260 |
_bThe McGraw-Hill Companies, Inc _aLondon _c2012 |
||
| 300 | _a931 p. | ||
| 500 | _aIncludes Subject Index. | ||
| 650 | _aAccounting | ||
| 942 | _cBK | ||
| 999 |
_c47349 _d47349 |
||